Elektrotechnika 1 : přednášky /

Hlavní autor: Brančík, Lubomír, 1961-
Korporativní autor: Vysoké učení technické v Brně. Ústav teoretické a experimentální elektrotechniky
Jazyk: Čeština
Vydáno: Brno : Zdeněk Novotný, 2003
Vydání: Vyd. 1.
Témata:
Externí odkaz: Digitalizovaný dokument
Fyzický popis: 130 s. : il. ; 21 cm
Knihy
Uloženo v:
LEADER 01631nam a2200373 a 4500
001 000701494
003 CZ BrMZK
005 20040309144243.0
007 ta
008 040105s2003 xr a e p 000 0 cze d
015 |a cnb001290459 
020 |a 80-214-2501-6  |q (brož.) 
035 |a (OCoLC)56872883 
040 |a CBA001  |b cze  |d BOA001 
072 7 |a 621.3  |x Elektrotechnika  |2 Konspekt  |9 19 
072 7 |a 37.016  |x Učební osnovy. Vyučovací předměty. Učebnice  |2 Konspekt  |9 22 
080 |a 621.3  |2 MRF 
080 |a (075.8)  |2 MRF 
100 1 |a Brančík, Lubomír,  |d 1961-  |7 mzk2004217598  |4 aut 
245 1 0 |a Elektrotechnika 1 :  |b přednášky /  |c Lubomír Brančík 
250 |a Vyd. 1. 
260 |a Brno :  |b Zdeněk Novotný,  |c 2003 
300 |a 130 s. :  |b il. ;  |c 21 cm 
500 |a Vydavatel: Vysoké učení technické v Brně, Fakulta elektrotechniky a komunikačních technologií, Ústav teoretické a experimentální elektrotechniky 
500 |a 300 výt. 
504 |a Obsahuje bibliografii 
650 0 7 |a elektrotechnika  |7 ph114460  |2 czenas 
655 7 |a učebnice vysokých škol  |7 fd133772  |2 czenas 
710 2 |a Vysoké učení technické v Brně.  |b Ústav teoretické a experimentální elektrotechniky  |7 kn20010709201 
856 4 1 |u https://www.digitalniknihovna.cz/mzk/uuid/uuid:d93517f0-527a-11e3-ac69-005056827e51  |y Digitalizovaný dokument  |x NDK 
910 |a BOA001  |b 2-1129.993 
990 |a BK 
996 6 |b 2610212661  |c 2-1129.993  |l MZK  |r Sklad / do 1 hodiny  |n 0  |p p.v.  |w 000701494  |u 000010  |a 1  |e BOA001  |j MZK50  |s P 
996 7 |b 2610212662  |c 2-1129.993  |l MZK  |r Sklad / do 1 hodiny  |n 17  |p p.v.  |w 000701494  |u 000020  |a 1  |e BOA001  |j MZK50  |s A